书目信息 |
| 题名: |
网管员必读
|
|
| 作者: | 王达 编著 | |
| 分册: | ||
| 出版信息: | 北京 电子工业出版社 2008.04 |
|
| 页数: | 459页 | |
| 开本: | 26cm | |
| 丛书名: | ||
| 单 册: | ||
| 中图分类: | TP393.07 | |
| 科图分类: | ||
| 主题词: | 计算机网络--ji suan ji wang luo--管理 | |
| 电子资源: | ||
| ISBN: | 978-7-121-06139-4 | |
| 000 | 00899nam0 2200241 450 | |
| 001 | 012008786093 | |
| 005 | 20080901133342.75 | |
| 010 | @a978-7-121-06139-4@dCNY53.00 | |
| 100 | @a20080901d2008 em y0chiy0120 ea | |
| 101 | 0 | @achi |
| 102 | @aCN@b110000 | |
| 105 | @aak z 000yy | |
| 106 | @ar | |
| 200 | 1 | @a网管员必读@Awang guan yuan bi du@e网络测试、监控和实验@f王达编著@Fwang da bian zhu |
| 210 | @a北京@c电子工业出版社@d2008.04 | |
| 215 | @a459页@c图@d26cm | |
| 330 | @a本书是一本集当前最主流、应用最广、功能最强大的多款网络检测、测试、监控、分析和实验工具软件使用方法于一身的实用工具图书,是多款热门大型工具软件的中文使用手册。 | |
| 517 | 1 | @a网络测试、监控和实验@Awang luo ce shi、jian kong he shi yan |
| 606 | 0 | @a计算机网络@Aji suan ji wang luo@x管理 |
| 690 | @aTP393.07@v4 | |
| 701 | 0 | @a王达@Awang da@4编著 |
| 801 | 0 | @aCN@bQSSK@c20080901 |
| 905 | @b733340-41@dTP393.07@eW150@f2 | |
| 网管员必读:网络测试、监控和实验/王达编著.-北京:电子工业出版社,2008.04 |
| 459页:图;26cm |
| ISBN 978-7-121-06139-4:CNY53.00 |
| 本书是一本集当前最主流、应用最广、功能最强大的多款网络检测、测试、监控、分析和实验工具软件使用方法于一身的实用工具图书,是多款热门大型工具软件的中文使用手册。 |
| ● |
| 相关链接 |
|
|
|
正题名:网管员必读
索取号:TP393.07/W150
 
预约/预借
| 序号 | 登录号 | 条形码 | 馆藏地/架位号 | 状态 | 备注 |
| 1 | 733340 | 207333401 | 自科库301/301自科库 121排1列3层/ [索取号:TP393.07/W150] | 在馆 | |
| 2 | 733341 | 207333410 | 自科库301/301自科库 121排1列3层/ [索取号:TP393.07/W150] | 在馆 |